00404nam a2200133Ia 4500008004100000041000800041082002000049100004300069245008100112260003200193300000800225502002000233999001700253230128s9999 xx 000 0 und d aeng aBHA PR0436bBHA aBhagwat Dhanashree A - 2K910169118930 aAnalysis and Prediction of Movement of Stock Prices Using Technical Analysis c2011bPune UniversityaPune a80p cParchure Sonali c97228d97228